[Event "Belgrade Trophy 35th"]
[Site "Belgrade"]
[Date "2021.11.24"]
[Round "1"]
[White "Askovic, Jovica"]
[Black "Vujovic, Vera"]
[Result "1-0"]
[WhiteElo "1948"]
[BlackElo "1261"]
[PlyCount "58"]
[EventDate "2021.11.24"]
[EventType "swiss"]
[EventRounds "9"]
[EventCountry "SRB"]
[SourceTitle "CBM 205 Extra"]
[Source "ChessBase"]
[SourceDate "2022.01.31"]
[SourceVersion "1"]
[SourceVersionDate "2022.01.31"]
[SourceQuality "1"]

1. e4 c5 2. c3 Nf6 3. e5 Nd5 4. d4 cxd4 5. Nf3 Nc6 6. Bb5 Nc7 7. Bxc6 dxc6 8. cxd4 Bg4 9. Be3 Nd5 10. 0-0 Qb6 11. Qe2 Bxf3 12. gxf3 h5 13. Nc3 h4 14. Rac1 h3 15. f4 c5 16. f5 Nxe3 17. fxe3 Rc8 18. Na4 Qb4 19. Nxc5 Rc6 20. a3 Qb6 21. Na4 Qb3 22. Rxc6 bxc6 23. Nc5 Qd5 24. Qf3 Rh5 25. Qxd5 cxd5 26. Rf2 f6 27. Ne6 Kf7 28. Nc5 g6 29. e6+ Kg7 1-0

[Event "Belgrade-chT Quality"]
[Site "Belgrade"]
[Date "2021.11.06"]
[Round "7.1"]
[White "Askovic, Jovica"]
[Black "Marinkovic, Slavisa"]
[Result "0-1"]
[WhiteElo "1948"]
[BlackElo "2381"]
[PlyCount "47"]
[EventDate "2021.10.16"]
[EventType "team-tourn"]
[EventRounds "11"]
[EventCountry "SRB"]
[SourceTitle "EXT 2023"]
[Source "ChessBase"]
[SourceDate "2022.10.05"]
[SourceVersion "1"]
[SourceVersionDate "2022.10.05"]
[SourceQuality "1"]
[WhiteTeam "Belgrade Obrenovac"]
[BlackTeam "Belgrade Vodovod"]
[WhiteTeamCountry "SRB"]
[BlackTeamCountry "SRB"]

1. e4 c5 2. c3 d5 3. exd5 Qxd5 4. d4 Nf6 5. Nf3 Bg4 6. Be2 e6 7. Be3 cxd4 8. Bxd4 Nc6 9. Qa4 Bh5 10. 0-0 Be7 11. Rd1 Qa5 12. Qxa5 Nxa5 13. h3 Nc6 14. Bb5 Bxf3 15. gxf3 0-0-0 16. Bxc6 bxc6 17. Nd2 c5 18. Be3 Nd5 19. Nb3 Nxe3 20. fxe3 Kc7 21. Rxd8 Rxd8 22. Kf1 Rd5 23. Ke2 Rg5 24. Kf2 0-1

[Event "Belgrade-chT Quality"]
[Site "Belgrade"]
[Date "2021.10.24"]
[Round "4.3"]
[White "Askovic, Jovica"]
[Black "Radosevic, Nenad"]
[Result "1-0"]
[WhiteElo "1948"]
[BlackElo "2157"]
[PlyCount "76"]
[EventDate "2021.10.16"]
[EventType "team-tourn"]
[EventRounds "11"]
[EventCountry "SRB"]
[SourceTitle "EXT 2023"]
[Source "ChessBase"]
[SourceDate "2022.10.05"]
[SourceVersion "1"]
[SourceVersionDate "2022.10.05"]
[SourceQuality "1"]
[WhiteTeam "Belgrade Obrenovac"]
[BlackTeam "Belgrade Zemun Teleoptic"]
[WhiteTeamCountry "SRB"]
[BlackTeamCountry "SRB"]

1. e4 e6 2. d4 d5 3. Nc3 Nf6 4. e5 Nfd7 5. f4 c5 6. Nf3 Nc6 7. Be3 a6 8. f5 cxd4 9. Bxd4 Nxd4 10. Qxd4 Bc5 11. Qg4 Qb6 12. 0-0-0 0-0 13. Bd3 Be3+ 14. Kb1 Nc5 15. f6 g6 16. Qh4 h5 17. g4 Qb4 18. Rhe1 Qf4 19. gxh5 Qxh4 20. Nxh4 Bf2 21. Nxg6 Bxe1 22. Rxe1 fxg6 23. hxg6 Nd7 24. h4 Nxf6 25. exf6 Rxf6 26. h5 Kg7 27. Nxd5 exd5 28. Re7+ Kf8 29. Rh7 Be6 30. g7+ Kg8 31. Rh8+ Kxg7 32. Rxa8 Bg4 33. Rd8 Bf3 34. Rd7+ Kh6 35. Rxb7 Kxh5 36. Ra7 Be4 37. Rxa6 Rf2 38. a4 Kg4 1-0

[Event "Belgrade-chT Quality"]
[Site "Belgrade"]
[Date "2021.10.23"]
[Round "3.2"]
[White "Askovic, Jovica"]
[Black "Hrzic, Ivan"]
[Result "0-1"]
[WhiteElo "1948"]
[BlackElo "2280"]
[PlyCount "64"]
[EventDate "2021.10.16"]
[EventType "team-tourn"]
[EventRounds "11"]
[EventCountry "SRB"]
[SourceTitle "EXT 2023"]
[Source "ChessBase"]
[SourceDate "2022.10.05"]
[SourceVersion "1"]
[SourceVersionDate "2022.10.05"]
[SourceQuality "1"]
[WhiteTeam "Belgrade Obrenovac"]
[BlackTeam "Belgrade Polet"]
[WhiteTeamCountry "SRB"]
[BlackTeamCountry "SRB"]

1. e4 e5 2. Nf3 Nc6 3. d4 d6 4. Bb5 exd4 5. Nxd4 Bd7 6. Nc3 Nf6 7. 0-0 Be7 8. h3 0-0 9. Be3 a6 10. Nxc6 bxc6 11. Bc4 Qb8 12. Rb1 Be6 13. Qe2 d5 14. exd5 cxd5 15. Bb3 c5 16. Bg5 c4 17. Ba4 d4 18. Ne4 Qb4 19. b3 Rfd8 20. Nxf6+ gxf6 21. Bh6 d3 22. cxd3 cxd3 23. Qf3 Qh4 24. Bf4 Rac8 25. Rbd1 Bd5 26. Qg4+ Qxg4 27. hxg4 Be6 28. f3 Rc2 29. Rd2 Bb4 30. Rxc2 dxc2 31. Bc6 Bc5+ 32. Kh1 Rd1 0-1

[Event "Belgrade-chT Quality"]
[Site "Belgrade"]
[Date "2021.10.17"]
[Round "2.3"]
[White "Askovic, Jovica"]
[Black "Stojkovic, Nenad P"]
[Result "0-1"]
[WhiteElo "1948"]
[BlackElo "2071"]
[PlyCount "68"]
[EventDate "2021.10.16"]
[EventType "team-tourn"]
[EventRounds "11"]
[EventCountry "SRB"]
[SourceTitle "EXT 2023"]
[Source "ChessBase"]
[SourceDate "2022.10.05"]
[SourceVersion "1"]
[SourceVersionDate "2022.10.05"]
[SourceQuality "1"]
[WhiteTeam "Belgrade Obrenovac"]
[BlackTeam "Belgrade Banjica"]
[WhiteTeamCountry "SRB"]
[BlackTeamCountry "SRB"]

1. e4 c5 2. c3 g6 3. d4 cxd4 4. cxd4 d5 5. exd5 Nf6 6. Bb5+ Bd7 7. Bc4 b5 8. Bb3 Bg7 9. Nf3 b4 10. Ne5 0-0 11. Qf3 Qb6 12. Be3 Na6 13. Nd2 Bb5 14. Ndc4 Qd8 15. Nc6 Qe8 16. 0-0 Nxd5 17. N6e5 Nb6 18. Nxb6 axb6 19. Bxf7+ Rxf7 20. Nxf7 Bxf1 21. Rxf1 Nc7 22. Ng5 h6 23. Rc1 Ra7 24. Bf4 hxg5 25. Bxc7 Qf7 26. Qe3 Rxa2 27. Be5 Bxe5 28. dxe5 Rxb2 29. e6 Qf6 30. Qxb6 b3 31. Qe3 Rc2 32. Rd1 b2 33. g3 g4 34. Kf1 Qf3 0-1

[Event "Belgrade Trophy 19th"]
[Site "Belgrade"]
[Date "2006.11.26"]
[Round "5"]
[White "Askovic, Jovica"]
[Black "Popovic, Nenad"]
[Result "0-1"]
[WhiteElo "2084"]
[BlackElo "2262"]
[PlyCount "60"]
[EventDate "2006.11.22"]
[EventType "swiss"]
[EventRounds "9"]
[EventCountry "YUG"]
[SourceTitle "CBM 115 Extra"]
[Source "ChessBase"]
[SourceDate "2007.01.10"]
[SourceVersion "1"]
[SourceVersionDate "2007.01.10"]
[SourceQuality "1"]

1. d4 c6 2. e4 d5 3. Nc3 dxe4 4. Nxe4 Nf6 5. Nxf6+ gxf6 6. Nf3 Bg4 7. c3 Qc7 8. Bd3 Nd7 9. Qc2 Bxf3 10. gxf3 e6 11. Bd2 0-0-0 12. 0-0-0 Bd6 13. Rdg1 Qa5 14. Kb1 Qh5 15. f4 f5 16. Rg3 Qh4 17. Rf3 Nf6 18. c4 Kb8 19. h3 Nh5 20. d5 cxd5 21. cxd5 Bxf4 22. Qa4 Bg5 23. Bb4 Rxd5 24. Qb3 Rhd8 25. Bc3 Ka8 26. Qc2 Nf4 27. Bc4 Rc5 28. Bb4 Rc6 29. Ra3 Nd5 30. Qa4 Qe4+ 0-1